000 00405pab a2200157 454500
008 180718b2013 xxu||||| |||| 00| 0 eng d
100 _aSooryamoorthy, R.
245 _aMicrocredit, self-help groups and NGOs in the alleviation of poverty: An overview
260 _c2013
300 _ap.165-179.
362 _aApr-Jun
650 _aPoverty
773 _aSocial Action
908 _aN
909 _a99424
999 _c99423
_d99423